MARC

LEADER 00000nam0a2200000 4500
001 260701
005 20231101233512.0
035 |a (RuTPU)RU\TPU\book\283669 
090 |a 260701 
100 |a 20140517d1965 k y0rusy50 ca 
101 0 |a rus 
102 |a RU 
105 |a a z 001zy 
200 1 |a Соосаждение и адсорбция радиоактивных элементов  |f Академия наук СССР (АН СССР), Отделение общей и технической химии ; под ред. В. М. Вдовенко 
210 |a Москва  |a Ленинград  |c Наука  |d 1965 
215 |a 196 с.  |c ил. 
320 |a Библиография в конце статей 
606 1 |a Радиоактивные элементы  |x Химия  |2 stltpush  |3 (RuTPU)RU\TPU\subj\22446  |9 47201 
610 1 |a европий 
610 1 |a сорбционные системы 
610 1 |a сорбционные свойства 
610 1 |a сорбционные установки 
610 1 |a фазовые переходы 
610 1 |a добавки 
610 1 |a влияние 
610 1 |a изотермы 
610 1 |a растворы 
610 1 |a уран 
610 1 |a германий 
610 1 |a золото 
610 1 |a соосаждение 
610 1 |a адсорбция 
675 |a 546.79  |v 3 
702 1 |a Вдовенко  |b В. М.  |4 340 
712 0 2 |a Академия наук СССР (АН СССР)  |b Отделение общей и технической химии  |2 stltpush  |3 (RuTPU)RU\TPU\col\722 
801 1 |a RU  |b 63413507  |c 20140517 
801 2 |a RU  |b 63413507  |c 20160329  |g RCR 
942 |c BK